00322nam a2200109Ia 4500008004100000020001500041050001900056245005700075260003100132300001100163650003800174151021s9999 xx 000 0 und d a9966287183 aHF5667.N 2008  a_Auditing and Investigation simplified N.A. Saleemi  aNairobi Saleemi ltd. 2008  a483p.  a_Auditing concepts and procedure